|
|
|
|
| LEADER |
00000nab#a22000007a#4500 |
| 001 |
arbauad019904 |
| 003 |
AR-BaUAD |
| 005 |
20250711111728.0 |
| 008 |
960529|||||||||###||||||b###|0###a|spa|| |
| 040 |
|
|
|a AR-BaUAD
|c AR-BaUAD
|b spa
|
| 100 |
|
|
|a Hulsman, Bernard
|
| 245 |
|
|
|a On Claus en Kaan /
|c Bernard Hulsman;
|
| 653 |
|
|
|a CLAUS, FELIX
|
| 653 |
|
|
|a KAAN, KEES
|
| 653 |
|
|
|a CRITICA DE LA ARQUITECTURA
|
| 773 |
0 |
|
|t A+U
|g no. 307 [abr. 1996], p. 48-51
|
| 942 |
|
|
|c ARTI
|
| 952 |
|
|
|0 0
|1 0
|4 0
|7 0
|9 64823
|a AR-BAuAD
|b AR-BAuAD
|d 2025-07-11
|l 0
|p AAQA019904
|r 2025-07-11 11:17:28
|w 2025-07-11
|y ARTI
|
| 990 |
|
|
|a AQ199
|b TD
|
| 998 |
|
|
|a AAQ
|b BIBUN76
|
| 999 |
|
|
|c 44496
|d 44496
|